| 000 | 00723nam a2200193 a 4500 | ||
|---|---|---|---|
| 020 | _a0943001218 (pbk.) | ||
| 082 | 0 | 0 |
_a692.8 _bARB |
| 245 | 0 | 0 |
_aArbitration of real estate valuation disputes / _cGerald M. Levy, editor-in-chief ; Linda M. Miller, technical editor. |
| 260 |
_aNew York, N.Y. : _bAmerican Arbitration Association, _c1987. |
||
| 300 |
_axi, 234 p. ; _c23 cm. |
||
| 526 |
_a0 _b0 _c0 _d692_800000000000000_ARB |
||
| 650 | 0 |
_aArbitration and award _zUnited States. _922084 |
|
| 650 | 0 |
_aMCE _9379 |
|
| 650 | 0 |
_aReal property _xValuation _zUnited States. _945448 |
|
| 700 | 1 |
_aLevy, Gerald M. _945449 |
|
| 700 | 1 |
_aMiller, Linda M. _945450 |
|
| 710 | 2 |
_aAmerican Arbitration Association. _945451 |
|
| 942 |
_2ddc _cBK |
||
| 999 |
_c548972 _d548972 |
||